1745 1718 1072 1053 1706 1005 1045 1174 1790 1658 1512 1945 1001 1479 1964 1572 1191 1648 1346 1949 1011 1795 1013 1900 1696 1561 1422 1486 1197 1445 1571 1869 1307 1026 1218 1705 1929 1285 1468 1746 1743 1372 1812 1588 1823 1169 1050 1156 1554 1010 1157 1000 1215 1028 1471 1848 1079 1377 1078 1901 1999 1294 1106 1406 1634 1432 1131 1878 1718 1030 1680 1402 1098 1651 1745 1077 1620 1793 1824 1387 1615 1248 1252 1093 1031 1159 1002 1470 1340 1278 1672 1829 1727 1019 1819 1007 1226 1180 1382 BCNSPRNW ULIB Ver.6.0+V

เปลี่ยนเป็นภาษาไทย

Change to English
 แสดงรายละเอียดบรรณานุกรม
  กลับหน้าหลัก

Brief Record : Get Marc (ISO 2709) : E-mail record : QR code < ปิดหน้าต่าง
LEADER : 00000nam a2200000 a 4500
001    13399113753
003     ULIB
008    080627s2550 th a 000 0 tha d
020    ^a9789748817064
060 04 ^aWY11^bว559ป
100 0  ^aวิเชียร ทวีลาภ
245 10 ^aประวัติและวิวัฒนาการการพยาบาลในประเทศไทย (พ.ศ. 2439 - พ.ศ.
250    ^aพิมพ์ครั้งที่ 1
260    ^aกรุงเทพฯ :^bวัฒนกิจพาณิชย์,^c2550
300    ^a[14], 145 หน้า :^bภาพประกอบ ;^c21 ซม.
650  4 ^aการพยาบาล
650  4 ^aประวัติการพยาบาล
945    ^p0^l0^i030862
945    ^p0^l0^i030863
945    ^p0^l0^i030864
945    ^p0^l0^i030865
945    ^p0^l0^i030866
945    ^p0^l0^i030867
945    ^p0^l0^i030868
945    ^p0^l0^i030869
945    ^p0^l0^i030870
945    ^p0^l0^i030871
945    ^p0^l0^i034377
945    ^p0^l0^i034378
945    ^p0^l0^i034379
995    ^aเกษร
999 ^a ใช้งานได้ทุกระบบ
รายการนี้ยังไม่มีแท็ก
คุณยังไม่ได้ล็อกอิน คุณสามารถมีกิจกรรมร่วมกับเว็บไซต์ได้ แต่ต้องล็อกอินก่อน ::
  ล็อกอิน

รายการสื่อสารสนเทศ

ลำดับที่ ประเภท เลขเรียก/บาร์โค้ด สถานที่ สถานะ
1. Book การพยาบาล
Book การพยาบาล
WY11 ว559ป ฉ.11 
  Barcode: 034377
ห้องสมุดวิทยาเขตสวรรค์ประชารักษ์
►หนังสือทั่วไป
บนชั้น
Note:รับบริจาค อ.วิเชียร ทวีลาภ
2. Book การพยาบาล
Book การพยาบาล
WY11 ว559ป ฉ.12 
  Barcode: 034378
ห้องสมุดวิทยาเขตสวรรค์ประชารักษ์
►หนังสือทั่วไป
บนชั้น
Note:รับบริจาค อ.วิเชียร ทวีลาภ
3. Book การพยาบาล
Book การพยาบาล
WY11 ว559ป ฉ.13 
  Barcode: 034379
ห้องสมุดวิทยาเขตสวรรค์ประชารักษ์
►หนังสือทั่วไป
บนชั้น
Note:รับบริจาค อ.วิเชียร ทวีลาภ

รายการใกล้เคียง
    ผู้แต่ง [วิเชียร ทวีลาภ]

    หัวเรื่อง [การพยาบาล]
    หัวเรื่อง [ประวัติการพยาบาล]

BibComment


ยังไม่เคยถูกคอมเมนท์

คอมเมนท์ทรัพยากรรายการนี้
  คอมเมนท์: ประวัติและวิวัฒน..


 Copyright 2026. Bcnsprnw @Library